000 00718nam a2200193 i 4500
001 18186
003 ES-MaACL
007 t|
008 011004s1951 fr ||||1| fre d
080 _a343.819.5(47+57)
245 0 0 _aLivre blanc sur les camps de concentration soviétiques /
_cCommision Internationale contre le Régime Concentrarionnaire.
260 _a[Paris :
_bLe Pavois,
_c1951]
300 _a256 p. ;
_c23 cm.
500 _a"Session publique tenue áa Bruxelles du 21 au 26 mai 1951"
500 _aBiblioteca Juan Andrade.
650 1 4 _aCampos de concentración-
_zURSS.
_910714
710 2 _aCommission Internationale contre le Régime Concentrationnaire.
_93103
852 _aES-MaACL
_jAND-119
_bR.109489
999 _c18186
_d18186